000 00642nam a2200241Ia 4500
003 OSt
005 20220918195221.0
006 a|||||r|||| 00| 0
007 ta
008 220917b |||||||| |||| 00| 0 eng d
024 _a84,087
037 _cTextual
040 _aARTS
_cARTS
_beng
041 _2eng
_aeng
082 _aS8z7, L3
100 _aKoulak David ed
_989579
245 0 _aReadings in social psychology focus on Canada
260 _c1973
650 _aSOCIAL PSYCHOLOGY
700 _a Perlman Daniel ed
_989580
942 _hS8z7, L3
_cTEXL
_2CC
999 _c207801
_d207801